DIVADLO Z PASÁŽE - (UMELECKÉ) HODNOTY A (SPOLOČENSKÝ) ZISK

Bibliographic Details
Main Author: Knopová, Elena, 1981- (Author)
Format: Article
Language:Slovak
Subjects:

MARC

LEADER 00000nab a2200000Iu 4500
001 vtls010914750
003 SK-MaSNL
005 20260305042025.0
008 230222|2012 xo |||||||||||||||||slo|
015 |a SNBRB 
035 |a (urnnbn)urn:nbn:sk:snk:ar-a09c7v 
035 |a (uuid)e73ed67f-5d98-443a-9b90-54ebf129f8d0 
035 |a urn:nbn:sk:snk-ab9375 
040 |a SNKBUCL  |b slo  |c SNKBUCL  |e AACR2 
041 0 |a slo 
044 |a xo  |c SK 
080 |a (048.8)  |2 2001 
080 |a 792.05  |2 2001 
080 |a 316.344.6-056.26/.3  |2 2001 
080 |a 791/792.071.2  |2 2001 
080 |a 616.899-056.77  |2 2001 
080 |a 124.5  |2 2001 
100 1 |a Knopová, Elena,  |d 1981-  |4 aut  |9 135430 
245 1 0 |a DIVADLO Z PASÁŽE - (UMELECKÉ) HODNOTY A (SPOLOČENSKÝ) ZISK  |c Elena Knopová 
504 |a Bibliogr. odkazy 
650 0 7 |a divadlá  |2 SNKPH  |9 29113 
650 0 7 |a zdravotne postihnuté osoby  |2 SNKPH  |9 1249 
650 0 7 |a herci  |2 SNKPH  |9 3087 
650 0 7 |a Downov syndróm  |2 SNKPH  |9 2449 
650 0 7 |a hodnoty  |2 SNKPH  |9 2081 
655 7 |a štúdie  |2 SNKPH  |9 57033 
773 0 |t Slovenské divadlo : revue dramatických umení  |g Roč. 60, č. 4 (2012), s. [391]-407 
954 |a odborná, vedecká literatúra pôvodná (slovenská)  |2 lita 
958 |a NB 
958 |a OND 
958 |a EUIPO 
958 |a article10 
999 |c 3345949  |d 3347879